| 000 | 00707nam a22002057a 4500 | ||
|---|---|---|---|
| 999 |
_c168047 _d168047 |
||
| 005 | 20190925161619.0 | ||
| 010 | _aENG-126546 | ||
| 020 |
_c239.00 _a9789389342062 |
||
| 035 | _aEN-110078 | ||
| 037 | _bDBAD/PUB | ||
| 082 | _a530 | ||
| 100 | _aSharma, Shatindra | ||
| 245 |
_aApplied Physics for Engineers / _cBy Shatindra Sharma |
||
| 260 |
_aNoida _bPearson India education services pvt. ltd _c2020 |
||
| 270 |
_bU.P _a15th floor,tower-b,world trade tower ,plot no. 1,bllock -c,sector 16 Noida _e201301 _mcompanysecretary.india@pearson.com _k04466540100 |
||
| 300 |
_aVarious p. _c23cm,(pbk) |
||
| 500 | _aincluding index | ||
| 700 | _aSharma, Jyotsna | ||
| 942 |
_2ddc _cEN _h530 _mSHA |
||